[Event "45th Olympiad 2024"]
[Site "Budapest HUN"]
[Date "2024.09.18"]
[Round "7.23"]
[White "Stojanovic, Dalibor"]
[Black "Macovei, Andrei"]
[Result "0-1"]
[WhiteElo "2448"]
[BlackElo "2464"]
[TimeControl "40/5400+30:1800+30\""]
[EventDate "2024.09.11"]
[Board "2"]
[WhiteFideId "922692"]
[BlackFideId "13904680"]
[WhiteTeam "Bosnia & Herzegovina"]
[BlackTeam "Moldova"]

1. e4 e5 2. Nf3 Nc6 3. Bb5 a6 4. Ba4 Nf6 5. O-O d6 6. Bxc6+ bxc6 7. d4 exd4
8. Qxd4 Be7 9. e5 c5 10. Qf4 Nh5 11. Qe3 O-O 12. Nc3 d5 13. Rd1 d4 14. Qe2
Bb7 15. Nxd4 cxd4 16. Qxh5 c5 17. Qg4 f5 18. Qg3 Bh4 19. Qd3 Qc7 20. Ne2
Qxe5 21. Nf4 Rae8 22. Bd2 Qc7 23. Qc4+ Kh8 24. Re1 Re4 25. Rxe4 fxe4 26. g3
Be7 27. Re1 Bd6 28. Qe6 Qc6 29. Qh3 Kg8 30. c4 Bxf4 31. Bxf4 g5 32. Qg4 h6
33. Bxg5 hxg5 34. Qxg5+ Kf7 35. b4 cxb4 36. Qf5+ Qf6 37. Qh7+ Qg7 38. Qf5+
Kg8 39. Qe6+ Kh8 40. Qh3+ Qh7 41. Qe6 Qf5 0-1

[Event "45th Olympiad 2024"]
[Site "Budapest HUN"]
[Date "2024.09.18"]
[Round "7.23"]
[White "Bologan, Victor"]
[Black "Culum, Sanjin"]
[Result "1-0"]
[WhiteElo "2598"]
[BlackElo "2409"]
[TimeControl "40/5400+30:1800+30\""]
[EventDate "2024.09.11"]
[Board "3"]
[WhiteFideId "13900048"]
[BlackFideId "14420937"]
[WhiteTeam "Moldova"]
[BlackTeam "Bosnia & Herzegovina"]

1. e4 c5 2. Nf3 d6 3. d4 cxd4 4. Nxd4 Nf6 5. Nc3 a6 6. h3 e5 7. Nde2 h5 8.
Bg5 Be6 9. Bxf6 Qxf6 10. Nd5 Qd8 11. Qd3 Nd7 12. Nec3 g6 13. O-O-O Rc8 14.
Kb1 Nc5 15. Qe2 Bg7 16. h4 O-O 17. f3 f5 18. Qe3 Kh7 19. Be2 Bh6 20. Qg1
Bxd5 21. Nxd5 fxe4 22. fxe4 Nxe4 23. g4 hxg4 24. h5 Nf2 25. Bxg4 Qg5 26.
Bxc8 Nxd1 27. Qxd1 Rxc8 28. Rg1 Qd2 29. Qxd2 Bxd2 30. Rxg6 e4 31. c3 Rf8
32. Nf6+ Kh8 33. Nxe4 Rf1+ 34. Kc2 Bf4 35. Nf6 1-0

[Event "45th Olympiad 2024"]
[Site "Budapest HUN"]
[Date "2024.09.18"]
[Round "7.23"]
[White "Marjanovic, Dejan"]
[Black "Iordachescu, Viorel"]
[Result "1-0"]
[WhiteElo "2365"]
[BlackElo "2572"]
[TimeControl "40/5400+30:1800+30\""]
[EventDate "2024.09.11"]
[Board "4"]
[WhiteFideId "14402661"]
[BlackFideId "13900200"]
[WhiteTeam "Bosnia & Herzegovina"]
[BlackTeam "Moldova"]

1. d4 Nf6 2. Bg5 e6 3. e4 c5 4. d5 h6 5. Bxf6 Qxf6 6. Nc3 a6 7. Nf3 d6 8.
a4 Nd7 9. Be2 g5 10. O-O h5 11. dxe6 fxe6 12. e5 Nxe5 13. Nxe5 Qxe5 14.
Bxh5+ Kd8 15. Re1 Qf6 16. Bg4 Bd7 17. h3 Kc7 18. Ne4 Qg7 19. Qd2 Be7 20.
Qe3 Raf8 21. a5 Qd4 22. Qb3 Rf4 23. c3 Qg7 24. Bxe6 Bb5 25. c4 Bc6 26. Bd5
Bxd5 27. cxd5 g4 28. Nxd6 Rb4 29. Qc3 Qxc3 30. bxc3 Rb3 31. Nf7 Bf6 32.
Nxh8 Bxh8 33. Rad1 Bxc3 34. Re3 Kd6 35. hxg4 c4 36. Re6+ Kd7 37. Re4 Bxa5
38. Rxc4 Bc3 39. d6 Be5 40. g5 Rb6 41. Rc7+ Kd8 42. g6 Rxd6 43. Rxd6+ Kxc7
44. Re6 1-0

[Event "45th Olympiad 2024"]
[Site "Budapest HUN"]
[Date "2024.09.18"]
[Round "7.24"]
[White "Bachmann, Axel"]
[Black "Albornoz Cabrera, Carlos Daniel"]
[Result "1/2-1/2"]
[WhiteElo "2560"]
[BlackElo "2579"]
[TimeControl "40/5400+30:1800+30\""]
[EventDate "2024.09.11"]
[Board "1"]
[WhiteFideId "3700488"]
[BlackFideId "3518736"]
[WhiteTeam "Paraguay"]
[BlackTeam "Cuba"]

1. d4 Nf6 2. Nf3 d5 3. c4 e6 4. g3 dxc4 5. Bg2 Nc6 6. O-O Rb8 7. Nc3 b5 8.
Ne5 Nxe5 9. dxe5 Nd7 10. Qd4 Bb7 11. Bxb7 Rxb7 12. Rd1 c5 13. Qe4 Qc8 14.
a4 b4 15. Nb5 a6 16. Nd6+ Bxd6 17. Rxd6 O-O 18. Rxa6 c3 19. bxc3 bxc3 20.
Rd6 Rb4 21. Qe3 Nb6 22. Qxc3 Nxa4 23. Qc2 Nb6 24. Bd2 Rb5 25. Qd3 c4 26.
Qd4 Nd5 27. e4 Ne7 28. Rc1 Rc5 29. h4 h5 30. Bb4 Rc7 31. Ba5 Rc5 32. Bb4
Rc7 33. Qd1 Qb7 34. Rd8 Rxd8 35. Qxd8+ Kh7 36. Bd6 Rd7 37. Qe8 Nc8 38. Bc5
Qc6 39. Kh2 Rc7 40. Qxc6 Rxc6 41. Bd4 Ne7 42. Kg2 Kg6 43. Kf3 f5 44. exf6
gxf6 45. Ke2 1/2-1/2

[Event "45th Olympiad 2024"]
[Site "Budapest HUN"]
[Date "2024.09.18"]
[Round "7.24"]
[White "Quesada Perez, Luis Ernesto"]
[Black "Delgado Ramirez, Neuris"]
[Result "1/2-1/2"]
[WhiteElo "2578"]
[BlackElo "2484"]
[TimeControl "40/5400+30:1800+30\""]
[EventDate "2024.09.11"]
[Board "2"]
[WhiteFideId "3520773"]
[BlackFideId "3503631"]
[WhiteTeam "Cuba"]
[BlackTeam "Paraguay"]

1. d4 Nf6 2. c4 e6 3. Nf3 d5 4. Nc3 c5 5. cxd5 cxd4 6. Qxd4 exd5 7. Bg5 Be7
8. e3 O-O 9. Qa4 h6 10. Bh4 Qb6 11. Qb5 g5 12. Bg3 Bb4 13. Be5 Qxb5 14.
Bxb5 Ne4 15. a3 Bxc3+ 16. Bxc3 Nxc3 17. bxc3 Bd7 18. Bd3 Nc6 19. Kd2 Na5
20. Nd4 Kg7 21. Rhb1 b6 22. Ba6 Rad8 23. a4 Kf6 24. Rb4 Bc8 25. Bd3 Be6 26.
h4 Rc8 27. Rh1 Nc6 28. Rb5 g4 29. Ra1 Na5 30. Rb4 Rg8 31. Re1 Nc6 32. Rb5
Na5 33. Ra1 Rc5 34. Rb4 Bd7 35. Ra3 Rgc8 36. Nb5 Bxb5 37. axb5 h5 38. Rf4+
Kg7 39. Kc2 R8c7 40. Rf5 Nc4 41. Rb3 Na5 42. Ra3 Nc4 43. Rb3 Na5 44. Ra3
Nc4 1/2-1/2

[Event "45th Olympiad 2024"]
[Site "Budapest HUN"]
[Date "2024.09.18"]
[Round "7.24"]
[White "Cubas, Jose Fernando"]
[Black "Miranda Mesa, Elier"]
[Result "0-1"]
[WhiteElo "2417"]
[BlackElo "2512"]
[TimeControl "40/5400+30:1800+30\""]
[EventDate "2024.09.11"]
[Board "3"]
[WhiteFideId "3700267"]
[BlackFideId "3510697"]
[WhiteTeam "Paraguay"]
[BlackTeam "Cuba"]

1. e4 c6 2. d4 d5 3. e5 Bf5 4. h4 h5 5. c4 e6 6. Nc3 Ne7 7. Nge2 Nd7 8. Ng3
Bg6 9. Bg5 Qb6 10. Rc1 dxc4 11. Bxc4 O-O-O 12. Na4 Qc7 13. Qb3 Nb6 14. Nc5
Rxd4 15. Bxe6+ fxe6 16. Qxe6+ Kb8 17. O-O Bh7 18. Qf7 Ned5 19. Qe8+ Qc8 20.
Bd8 Bg6 21. Qxg6 Bxc5 22. Bg5 Be7 23. Nf5 Bxg5 24. Nxd4 Bxc1 25. Rxc1 Qd7
26. e6 Nf4 27. exd7 Nxg6 28. Rd1 Rd8 29. Ne6 Rxd7 30. Rxd7 Nxd7 31. Nxg7
Nf6 32. g3 Kc7 33. f3 Kd6 34. Kf2 Ke5 35. Ke3 Ne7 36. f4+ Kd5 37. Kf3 c5
38. g4 hxg4+ 39. Kg3 Ke4 40. h5 Nf5+ 41. Nxf5 Kxf5 42. h6 Kg6 0-1

[Event "45th Olympiad 2024"]
[Site "Budapest HUN"]
[Date "2024.09.18"]
[Round "7.24"]
[White "Almeida Quintana, Omar"]
[Black "Almiron, Antonio"]
[Result "1/2-1/2"]
[WhiteElo "2492"]
[BlackElo "2312"]
[TimeControl "40/5400+30:1800+30\""]
[EventDate "2024.09.11"]
[Board "4"]
[WhiteFideId "3503313"]
[BlackFideId "3701166"]
[WhiteTeam "Cuba"]
[BlackTeam "Paraguay"]

1. d4 Nf6 2. Nf3 e6 3. c4 b6 4. a3 Bb7 5. Nc3 d5 6. cxd5 Nxd5 7. Bd2 Nd7 8.
Qc2 c5 9. e4 Nxc3 10. Bxc3 cxd4 11. Nxd4 a6 12. g3 Be7 13. Bg2 O-O 14. O-O
Rc8 15. Rfd1 Rc7 16. Bh3 Bf6 17. Qe2 Re8 18. Bb4 Be7 19. e5 Bc5 20. Bxc5
bxc5 21. Nc2 Qb8 22. f4 Nb6 23. Ne3 Rd8 24. f5 Kh8 25. fxe6 fxe6 26. Bxe6
Re8 27. Qg4 Rce7 28. Rd6 Nc8 29. Nf5 Nxd6 30. exd6 g6 31. dxe7 Qe5 32. Rf1
Qxe6 33. Nh6 Qe3+ 34. Rf2 Qe1+ 35. Rf1 Qe3+ 36. Rf2 Qe1+ 37. Rf1 1/2-1/2

[Event "45th Olympiad 2024"]
[Site "Budapest HUN"]
[Date "2024.09.18"]
[Round "7.25"]
[White "Meier, Georg"]
[Black "Kadric, Denis"]
[Result "1/2-1/2"]
[WhiteElo "2591"]
[BlackElo "2553"]
[TimeControl "40/5400+30:1800+30\""]
[EventDate "2024.09.11"]
[Board "1"]
[WhiteFideId "4675789"]
[BlackFideId "14403803"]
[WhiteTeam "Uruguay"]
[BlackTeam "Montenegro"]

1. Nf3 Nf6 2. c4 d6 3. d4 g6 4. Nc3 Bg7 5. g3 Bf5 6. Bg2 Ne4 7. Nb1 Nf6 8.
O-O c6 9. b3 O-O 10. Bb2 a5 11. Nc3 Ne4 12. Rc1 Nxc3 13. Bxc3 Be4 14. e3 d5
15. Bh3 e6 16. Nd2 Bd3 17. Re1 Nd7 18. e4 Nb6 19. cxd5 cxd5 20. e5 Bh6 21.
Qf3 Bb5 22. a4 Bd7 23. Qd3 Nc8 24. f4 b5 25. axb5 Na7 26. Nf3 Qb6 27. Bd2
Nxb5 28. Bf1 Rfb8 29. f5 Bf8 30. fxg6 fxg6 31. Qe3 a4 32. bxa4 Rxa4 33. Rb1
Qa7 34. Rb3 Na3 35. Rxb8 Qxb8 36. Qf4 Be7 37. Bd3 Nc4 38. Rb1 Qa8 39. Bc1
Ra1 40. Ng5 Bxg5 41. Qxg5 Rxb1 42. Bxb1 Qf8 43. Kg2 Na5 44. Bd3 Nc6 45. Be3
Be8 46. h4 Qa3 47. Be2 Qb2 48. Qg4 Bf7 49. Kf2 Ne7 50. Qg5 Nf5 51. Qd8+ Kg7
52. Qf6+ Kg8 53. Qd8+ Kg7 54. Qf6+ 1/2-1/2

[Event "45th Olympiad 2024"]
[Site "Budapest HUN"]
[Date "2024.09.18"]
[Round "7.25"]
[White "Petrov, Nikita"]
[Black "Rodriguez Vila, Andres"]
[Result "1-0"]
[WhiteElo "2574"]
[BlackElo "2417"]
[TimeControl "40/5400+30:1800+30\""]
[EventDate "2024.09.11"]
[Board "2"]
[WhiteFideId "4101286"]
[BlackFideId "3000010"]
[WhiteTeam "Montenegro"]
[BlackTeam "Uruguay"]

1. d4 e6 2. c4 Bb4+ 3. Nd2 c5 4. a3 Bxd2+ 5. Qxd2 cxd4 6. Nf3 Nf6 7. Nxd4
O-O 8. b4 d5 9. e3 e5 10. Nf3 e4 11. Nd4 Nbd7 12. Bb2 Ne5 13. c5 Qe7 14.
Rc1 Rd8 15. Qc3 Nfg4 16. Rc2 Qg5 17. Rd2 Bd7 18. h3 Nf6 19. Ne6 Nd3+ 20.
Qxd3 fxe6 21. Qd4 Rdc8 22. h4 Qh6 23. Be2 Ne8 24. Qe5 a5 25. g4 Qf6 26. Qg3
Qe7 27. g5 axb4 28. axb4 Ra4 29. h5 Rxb4 30. h6 Qxc5 31. O-O Rxb2 32. Rxb2
b5 33. Rfb1 Qd6 34. Qh4 Nc7 35. hxg7 Qe5 36. Rc2 Ne8 37. Rxc8 Bxc8 38. Bxb5
Nxg7 39. g6 hxg6 40. Qd8+ Kh7 41. Qxc8 d4 42. exd4 Qg5+ 43. Kf1 e3 44. Qf8
Qd5 45. Bd3 Qxd4 46. Ke2 1-0

[Event "45th Olympiad 2024"]
[Site "Budapest HUN"]
[Date "2024.09.18"]
[Round "7.25"]
[White "Vazquez, Facundo"]
[Black "Djukic, Nikola"]
[Result "1/2-1/2"]
[WhiteElo "2388"]
[BlackElo "2515"]
[TimeControl "40/5400+30:1800+30\""]
[EventDate "2024.09.11"]
[Board "3"]
[WhiteFideId "3007669"]
[BlackFideId "922412"]
[WhiteTeam "Uruguay"]
[BlackTeam "Montenegro"]

1. d4 Nf6 2. c4 e6 3. g3 c5 4. d5 exd5 5. cxd5 d6 6. Nc3 g6 7. Bg2 Bg7 8.
Nf3 O-O 9. O-O Re8 10. Bf4 h6 11. Qc1 g5 12. Bd2 Bf5 13. h4 g4 14. Ne1 Kh7
15. Nd3 a6 16. a4 Nbd7 17. Nf4 Ne5 18. Nd1 b5 19. Ne3 Bd7 20. Qc2+ Kg8 21.
Bc3 Qe7 22. Rfd1 Rec8 23. Nf5 Bxf5 24. Qxf5 c4 25. Nh5 Nxh5 26. Qxh5 Rcb8
27. Be4 b4 28. Bd4 Rb7 29. Rac1 c3 30. bxc3 b3 31. Rb1 Rc8 32. Bh7+ Kf8 33.
Bf5 Rc4 34. Bxg4 Rxa4 35. e4 a5 36. Qf5 Rc4 37. Be2 Rcc7 38. Qh7 a4 39. f4
a3 40. fxe5 dxe5 41. d6 Qxd6 42. Be3 Qg6 43. Rd8+ Ke7 44. Qg8 Qxg3+ 45. Kf1
Qh3+ 46. Kf2 Qh2+ 47. Kf3 Qh3+ 48. Kf2 Qh2+ 49. Kf3 Qh3+ 1/2-1/2

[Event "45th Olympiad 2024"]
[Site "Budapest HUN"]
[Date "2024.09.18"]
[Round "7.25"]
[White "Draskovic, Luka"]
[Black "Coppola, Claudio"]
[Result "1-0"]
[WhiteElo "2497"]
[BlackElo "2286"]
[TimeControl "40/5400+30:1800+30\""]
[EventDate "2024.09.11"]
[Board "4"]
[WhiteFideId "944335"]
[BlackFideId "3001717"]
[WhiteTeam "Montenegro"]
[BlackTeam "Uruguay"]

1. Nf3 d5 2. g3 Nc6 3. d4 Bf5 4. Bg2 Nb4 5. Na3 e6 6. c3 Nc6 7. Qb3 a6 8.
O-O Nf6 9. Bg5 Na5 10. Qd1 h6 11. Bxf6 gxf6 12. Nb1 b5 13. Nbd2 c6 14. Re1
Bg7 15. e4 Bh7 16. e5 f5 17. a4 O-O 18. b4 Nb7 19. Qe2 Qd7 20. Bf1 Rfc8 21.
a5 Qe7 22. Qe3 Kh8 23. Bd3 Rg8 24. Kh1 Bg6 25. Rg1 Bh5 26. h3 Raf8 27. g4
fxg4 28. hxg4 Bg6 29. g5 hxg5 30. Nxg5 Bh6 31. Qh3 Kg7 32. Nxe6+ Qxe6 33.
Qxe6 1-0

[Event "45th Olympiad 2024"]
[Site "Budapest HUN"]
[Date "2024.09.18"]
[Round "7.26"]
[White "Kuybokarov, Temur"]
[Black "Henderson De La Fuente, Lance"]
[Result "0-1"]
[WhiteElo "2562"]
[BlackElo "2519"]
[TimeControl "40/5400+30:1800+30\""]
[EventDate "2024.09.11"]
[Board "1"]
[WhiteFideId "14203049"]
[BlackFideId "32096585"]
[WhiteTeam "Australia"]
[BlackTeam "Andorra"]

1. e4 e5 2. Nf3 Nc6 3. Bb5 Nf6 4. O-O Nxe4 5. d4 Nd6 6. Bxc6 dxc6 7. dxe5
Nf5 8. Qxd8+ Kxd8 9. Nc3 Ne7 10. h3 Ng6 11. Bg5+ Ke8 12. Rad1 Be6 13. Nd4
Bc4 14. Rfe1 h6 15. Bc1 Bb4 16. Bd2 Rd8 17. Nf5 Bf8 18. Ne4 Be6 19. Nfg3 h5
20. Ng5 Be7 21. Nxe6 fxe6 22. Ne4 Rf8 23. Bc3 Rd5 24. f3 h4 25. Kf1 b5 26.
Bd4 a5 27. a4 Bb4 28. c3 Be7 29. Nf2 bxa4 30. Ra1 a3 31. bxa3 c5 32. Be3
Nxe5 33. Rab1 Kd7 34. Rb5 c4 35. Rd1 Kc6 36. Rdxd5 exd5 37. Rxa5 Rb8 38.
Bd4 Nd3 39. Ng4 Rb1+ 40. Ke2 Rb2+ 41. Kf1 Bd6 42. Ra8 Bg3 43. Be3 Rc2 44.
a4 Rxc3 45. a5 Ra3 46. Bd4 c3 47. Ne3 Ra1+ 48. Ke2 Nf4# 0-1

[Event "45th Olympiad 2024"]
[Site "Budapest HUN"]
[Date "2024.09.18"]
[Round "7.26"]
[White "Fluvia Poyatos, Jordi"]
[Black "Sardana, Rishi"]
[Result "1/2-1/2"]
[WhiteElo "2438"]
[BlackElo "2477"]
[TimeControl "40/5400+30:1800+30\""]
[EventDate "2024.09.11"]
[Board "2"]
[WhiteFideId "2214334"]
[BlackFideId "25004301"]
[WhiteTeam "Andorra"]
[BlackTeam "Australia"]

1. e4 c5 2. Nf3 d6 3. d4 cxd4 4. Nxd4 Nf6 5. Nc3 a6 6. h3 e5 7. Nde2 h5 8.
g3 Be7 9. Bg2 b5 10. O-O Nbd7 11. a3 Bb7 12. Bg5 Rc8 13. Qd2 O-O 14. Rfd1
Qc7 15. Rac1 Nb6 16. b3 Rfd8 17. Qe1 Bc6 18. Be3 Qb7 19. f4 d5 20. fxe5
Nxe4 21. Nd4 Bxa3 22. Nxe4 dxe4 23. Nxc6 Qxc6 24. Rxd8+ Rxd8 25. Ra1 Bf8
26. Bf2 Nd5 27. Qxe4 Qe6 28. Qh4 Qxe5 29. Re1 Qc7 30. Qxh5 Nf6 31. Qf5 Rd2
32. Ra1 a5 33. c4 bxc4 34. bxc4 Qxc4 35. Rxa5 Qc1+ 36. Kh2 Qb2 37. Kg1 Rd8
38. Kh2 g6 39. Qf3 Ne4 40. Qxe4 Qxf2 41. Rd5 Rc8 42. Rd3 Rc1 43. h4 Re1 44.
Qf3 Qg1+ 45. Kh3 Qb6 46. Qd5 Qc7 47. Qb7 Qe5 48. Qd5 Qe2 49. Rf3 Qe7 50.
Qc4 Qd7+ 51. Kh2 Re5 52. Rd3 Qe7 53. Qc6 Re2 54. Qd5 Qe8 55. Rf3 Re5 56.
Qc4 Bc5 57. Rd3 Bf8 58. Qc6 Qxc6 59. Bxc6 Re6 60. Bd5 Re2+ 61. Kh3 Kg7 62.
Bf3 Re5 63. Kg2 Bc5 64. Rd5 Rxd5 65. Bxd5 f5 66. Kf3 Kf6 67. g4 fxg4+ 68.
Kxg4 Bf2 69. Be4 Be1 70. Bxg6 Kxg6 1/2-1/2

[Event "45th Olympiad 2024"]
[Site "Budapest HUN"]
[Date "2024.09.18"]
[Round "7.26"]
[White "Zhao, Zong-Yuan"]
[Black "De La Riva Aguado, Oscar"]
[Result "1/2-1/2"]
[WhiteElo "2478"]
[BlackElo "2431"]
[TimeControl "40/5400+30:1800+30\""]
[EventDate "2024.09.11"]
[Board "3"]
[WhiteFideId "3202534"]
[BlackFideId "6900224"]
[WhiteTeam "Australia"]
[BlackTeam "Andorra"]

1. d4 Nf6 2. c4 g6 3. Nc3 Bg7 4. e4 d6 5. h3 O-O 6. Be3 Nc6 7. d5 Ne5 8. f4
Ned7 9. g4 c6 10. Nge2 cxd5 11. cxd5 b6 12. Nd4 Nc5 13. Qf3 Bb7 14. O-O-O
e6 15. Nc6 Qd7 16. Bxc5 bxc5 17. Bb5 a6 18. Ba4 Qc7 19. h4 Bxc6 20. Bxc6
Rab8 21. h5 Rb4 22. hxg6 fxg6 23. Qh3 Rfb8 24. e5 dxe5 25. g5 Nh5 26. Qxe6+
Kh8 27. f5 Rxb2 28. f6 Bf8 29. f7 e4 30. d6 Qa5 31. Qe5+ Bg7 32. Qe8+ Bf8
33. Qe5+ Bg7 34. Qe8+ Bf8 1/2-1/2

[Event "45th Olympiad 2024"]
[Site "Budapest HUN"]
[Date "2024.09.18"]
[Round "7.27"]
[White "Bogner, Sebastian"]
[Black "Romanov, Evgeny"]
[Result "0-1"]
[WhiteElo "2545"]
[BlackElo "2567"]
[TimeControl "40/5400+30:1800+30\""]
[EventDate "2024.09.11"]
[Board "1"]
[WhiteFideId "4692055"]
[BlackFideId "4148843"]
[WhiteTeam "Switzerland"]
[BlackTeam "North Macedonia"]

1. e4 e5 2. Nf3 Nc6 3. Bc4 Nf6 4. d3 Be7 5. O-O O-O 6. a4 d5 7. exd5 Nxd5
8. Re1 Bg4 9. Nbd2 Nb6 10. Bb3 Nd7 11. h3 Bh5 12. Bd5 Nb4 13. Bc4 Bd6 14.
c3 Nc6 15. b4 a5 16. b5 Ne7 17. Ne4 Kh8 18. Ng3 Bg6 19. Nh4 c6 20. Nxg6+
Nxg6 21. bxc6 bxc6 22. Nf5 Bc5 23. Qg4 Nf6 24. Qf3 Nd5 25. d4 exd4 26. cxd4
Bb4 27. Re4 Qd7 28. h4 Rae8 29. h5 Rxe4 30. Qxe4 Re8 31. Qg4 Re1+ 32. Bf1
Nde7 33. hxg6 Nxf5 34. Bb2 Rxa1 35. Bxa1 hxg6 36. Qe4 Kg8 37. g3 Ne7 38.
Bc4 Nd5 39. Bb2 g5 40. Kg2 g4 41. Kf1 Nf6 42. Qe5 Qb7 43. Bc1 Bc3 44. Qe3
Qb4 45. Qd3 Nd5 46. Bxd5 cxd5 47. Be3 g6 48. Qd1 f5 49. Kg2 Kf7 50. Qd3 Qc4
51. Qd1 Bb4 52. Qh1 Bf8 53. Qh4 Qxa4 54. Qd8 Qb5 55. Bg5 Bg7 56. Qe7+ Kg8
57. Bf6 Bxf6 58. Qxf6 Qe8 59. Kf1 a4 60. Qd6 Qf7 61. Qc6 a3 62. Qa8+ Qf8
63. Qxd5+ Kg7 64. Qa5 Qd6 65. Qa4 g5 66. Kg1 f4 67. Kh2 Kf6 68. Qc4 Qb6 69.
Qa4 fxg3+ 70. Kxg3 Qd6+ 71. Kg2 Qd5+ 72. Kg1 a2 73. Kh2 Qe6 74. Kg3 Kg6 75.
Qa8 Qf7 76. Qa6+ Kh5 77. Qa7 Qxa7 0-1

[Event "45th Olympiad 2024"]
[Site "Budapest HUN"]
[Date "2024.09.18"]
[Round "7.27"]
[White "Lazov, Toni"]
[Black "Pelletier, Yannick"]
[Result "1-0"]
[WhiteElo "2360"]
[BlackElo "2526"]
[TimeControl "40/5400+30:1800+30\""]
[EventDate "2024.09.11"]
[Board "2"]
[WhiteFideId "15000770"]
[BlackFideId "1301837"]
[WhiteTeam "North Macedonia"]
[BlackTeam "Switzerland"]

1. e4 e6 2. d4 d5 3. Bd3 c5 4. exd5 exd5 5. c3 cxd4 6. cxd4 Nc6 7. Nf3 g6
8. Bg5 Nf6 9. O-O Bg7 10. Re1+ Be6 11. Qd2 O-O 12. Nc3 Qb6 13. Bc2 Qxb2 14.
Rab1 Qa3 15. Rb3 Qd6 16. Rxb7 Na5 17. Bf4 Qa6 18. Re7 Nc4 19. Qc1 Rae8 20.
Rxe8 Rxe8 21. Ng5 Bd7 22. Rxe8+ Bxe8 23. Bb3 Bc6 24. Qe1 h6 25. Nf3 Ne4 26.
h4 Bb7 27. Nxe4 dxe4 28. Ne5 Nxe5 29. dxe5 Qc6 30. Qe3 h5 31. Qd2 e3 32.
fxe3 Qe4 33. Bd1 Qd5 34. Qc2 Qc6 35. Qb2 Qd7 36. Bb3 Be4 37. Qd4 Qb7 38.
Qd8+ Kh7 39. e6 fxe6 40. Bxe6 Qa8 41. Bb8 1-0

[Event "45th Olympiad 2024"]
[Site "Budapest HUN"]
[Date "2024.09.18"]
[Round "7.27"]
[White "Peng, Li Min"]
[Black "Risteski, Emil"]
[Result "1/2-1/2"]
[WhiteElo "2514"]
[BlackElo "2367"]
[TimeControl "40/5400+30:1800+30\""]
[EventDate "2024.09.11"]
[Board "3"]
[WhiteFideId "14112620"]
[BlackFideId "15005267"]
[WhiteTeam "Switzerland"]
[BlackTeam "North Macedonia"]

1. d4 Nf6 2. Nf3 e6 3. Bf4 d5 4. e3 c5 5. Nbd2 Nc6 6. c3 Nh5 7. Bg5 f6 8.
Bh4 g6 9. Bd3 cxd4 10. cxd4 Be7 11. O-O O-O 12. a3 e5 13. dxe5 fxe5 14.
Bxe7 Qxe7 15. e4 d4 16. Rc1 Nf4 17. Bc4+ Kh8 18. g3 Nh3+ 19. Kg2 Bg4 20.
Qb3 Rf6 21. Ne1 Ng5 22. h4 Bh3+ 23. Kg1 Ne6 24. Bxe6 Bxe6 25. Qd3 Qg7 26.
Kg2 Raf8 27. Nef3 Qd7 28. Ng1 h6 29. Ndf3 Bg4 30. Nh2 Be6 31. Nhf3 Bg4 32.
Nh2 Be6 33. Nhf3 1/2-1/2

[Event "45th Olympiad 2024"]
[Site "Budapest HUN"]
[Date "2024.09.18"]
[Round "7.27"]
[White "Zlatkov, Anton"]
[Black "Georgiadis, Nico"]
[Result "0-1"]
[WhiteElo "2346"]
[BlackElo "2510"]
[TimeControl "40/5400+30:1800+30\""]
[EventDate "2024.09.11"]
[Board "4"]
[WhiteFideId "15005402"]
[BlackFideId "1300113"]
[WhiteTeam "North Macedonia"]
[BlackTeam "Switzerland"]

1. e4 c5 2. Nf3 d6 3. d4 cxd4 4. Nxd4 Nf6 5. Nc3 a6 6. h3 g6 7. Be3 Bg7 8.
Qd2 Nbd7 9. f3 h5 10. a4 b6 11. Be2 Bb7 12. O-O-O b5 13. g4 b4 14. Na2 a5
15. g5 Nh7 16. Bb5 Qc7 17. Kb1 O-O 18. Rhg1 Rfd8 19. c4 Nhf8 20. Nc1 Nc5
21. b3 Rac8 22. Rde1 e6 23. Ka2 Nfd7 24. Bxd7 Qxd7 25. Nb5 d5 26. cxd5 exd5
27. e5 d4 28. Bxd4 Qd5 29. Rd1 Ne6 30. f4 Ba6 31. Ne2 Bxb5 32. axb5 a4 33.
Qe3 Qxb5 34. Kb1 axb3 35. Rd2 Rc2 36. Rc1 Rxd2 37. Qxd2 Qd5 38. Rd1 Bf8 39.
Kb2 Bc5 40. Be3 Qe4 0-1

[Event "45th Olympiad 2024"]
[Site "Budapest HUN"]
[Date "2024.09.18"]
[Round "7.28"]
[White "Fier, Alexandr"]
[Black "Khusenkhojaev, Mustafokhuja"]
[Result "1-0"]
[WhiteElo "2551"]
[BlackElo "2283"]
[TimeControl "40/5400+30:1800+30\""]
[EventDate "2024.09.11"]
[Board "1"]
[WhiteFideId "2107139"]
[BlackFideId "14700727"]
[WhiteTeam "Brazil"]
[BlackTeam "Tajikistan"]

1. Nf3 Nf6 2. c4 c5 3. d4 cxd4 4. Nxd4 Nc6 5. Nc3 e6 6. g3 Qb6 7. Nb3 Ne5
8. e4 Bb4 9. c5 Qc7 10. Bg2 b6 11. f4 Nc6 12. O-O Ba6 13. Rf3 O-O 14. e5
Bxc3 15. Rxc3 Nd5 16. Bxd5 exd5 17. Qxd5 Bb7 18. Qd6 Qxd6 19. exd6 Rfe8 20.
cxb6 Re1+ 21. Kf2 Rh1 22. Nc5 Nd8 23. Nxb7 Nxb7 24. bxa7 h5 25. Rc7 Nxd6
26. Rxd7 Nb5 27. Rd5 Nxa7 28. Ra5 Rxh2+ 29. Kf3 Rh1 30. b4 Rf1+ 31. Kg2 Rd1
32. b5 Rc8 33. Rxa7 Rd3 34. Kf2 Rc2+ 35. Ke1 Rxg3 36. Kd1 Rh2 37. Re7 Rd3+
38. Ke1 Rh1+ 39. Kf2 Rdd1 40. Re2 Rh2+ 41. Kf3 Rh3+ 42. Kg2 Rdh1 43. b6
R1h2+ 44. Kf1 Rf3+ 45. Ke1 Rh1+ 46. Kd2 Rxf4 47. b7 Rd4+ 48. Kc2 Rd8 49.
Rb1 Rb8 50. Rb4 1-0

[Event "45th Olympiad 2024"]
[Site "Budapest HUN"]
[Date "2024.09.18"]
[Round "7.28"]
[White "Karimov, Alisher"]
[Black "Quintiliano, Renato R."]
[Result "0-1"]
[WhiteElo "2240"]
[BlackElo "2499"]
[TimeControl "40/5400+30:1800+30\""]
[EventDate "2024.09.11"]
[Board "2"]
[WhiteFideId "14700280"]
[BlackFideId "2117568"]
[WhiteTeam "Tajikistan"]
[BlackTeam "Brazil"]

1. d4 d5 2. c4 c6 3. Nc3 Nf6 4. cxd5 cxd5 5. Bg5 Ne4 6. Nxe4 dxe4 7. a3 h6
8. Bf4 Nc6 9. d5 e5 10. dxc6 exf4 11. Qa4 bxc6 12. Qxe4+ Be7 13. Rd1 Qb6
14. Nh3 Qxb2 15. Nxf4 Qc3+ 16. Rd2 Rb8 17. Qd3 Qc1+ 18. Rd1 Qxf4 19. g3 Qf5
20. Bg2 Qxd3 21. Rxd3 Rb6 22. O-O O-O 23. Rc1 c5 24. Bd5 Rd8 25. f4 Ba6 26.
Rd2 Bb7 27. e4 Bxd5 28. exd5 Rb3 29. d6 Rxd6 0-1